[Event "FRA-chT4 0405"]
[Site "Bretagne"]
[Date "2004.12.05"]
[Round "3"]
[White "Martin, Yvon"]
[Black "Cougoulic, Clemence"]
[Result "1-0"]
[WhiteElo "1660"]
[BlackElo "1210"]
[PlyCount "57"]
[EventDate "2004.04.03"]
[EventType "team"]
[EventRounds "7"]
[EventCountry "FRA"]
[SourceTitle "EXT 2007"]
[Source "ChessBase"]
[SourceDate "2006.11.23"]
[SourceVersion "1"]
[SourceVersionDate "2006.11.23"]
[SourceQuality "1"]

1. d4 d5 2. c4 Nf6 3. Nc3 Be6 4. c5 g6 5. Bf4 a6 6. e3 Bg7 7. Be2 0-0 8. h4 h5 9. f3 Qd7 10. Nh3 Nc6 11. Nf2 Kh7 12. Qd2 Rh8 13. Nd3 b6 14. cxb6 cxb6 15. 0-0 b5 16. a3 Rhb8 17. Bxb8 Rxb8 18. b4 Bh6 19. Ne5 Qc7 20. Nxc6 Qxc6 21. Qd3 Bc8 22. e4 dxe4 23. fxe4 Bb7 24. Bf3 Nd7 25. e5 Qc7 26. Bxb7 Rxb7 27. Rxf7+ Kh8 28. Qxg6 Rb8 29. Qh7# 1-0